[Event "Belgrade-chT Quality"]
[Site "Belgrade"]
[Date "2021.11.20"]
[Round "11.3"]
[White "Jovanovic, Dejan R"]
[Black "Stefanovic, Ivo"]
[Result "1/2-1/2"]
[WhiteElo "1951"]
[BlackElo "1928"]
[PlyCount "110"]
[EventDate "2021.10.16"]
[EventType "team-tourn"]
[EventRounds "11"]
[EventCountry "SRB"]
[SourceTitle "EXT 2023"]
[Source "ChessBase"]
[SourceDate "2022.10.05"]
[SourceVersion "1"]
[SourceVersionDate "2022.10.05"]
[SourceQuality "1"]
[WhiteTeam "Belgrade Obrenovac"]
[BlackTeam "Belgrade Sremcica"]
[WhiteTeamCountry "SRB"]
[BlackTeamCountry "SRB"]

1. d4 Nf6 2. Nf3 g6 3. Bf4 Bg7 4. e3 0-0 5. h3 b6 6. Be2 Ba6 7. 0-0 Bxe2 8. Qxe2 d6 9. Nbd2 c5 10. c3 Nfd7 11. Rfd1 Qc8 12. Ne1 Qb7 13. Bg3 Na6 14. a3 Nc7 15. Rab1 Rfe8 16. b4 cxd4 17. cxd4 Ne6 18. Rdc1 Rec8 19. Qd1 Rxc1 20. Rxc1 Rc8 21. Rxc8+ Qxc8 22. Qc2 Qxc2 23. Nxc2 Kf8 24. Kf1 Ke8 25. Ke2 Kd8 26. Kd3 f5 27. b5 Nc7 28. a4 a6 29. Kc4 a5 30. f3 Bh6 31. Kd3 d5 32. Bxc7+ Kxc7 33. f4 Bg7 34. Ne1 e6 35. Nef3 Bf6 36. Ne5 Nxe5+ 37. dxe5 Be7 38. Nf3 Kd7 39. Ke2 Ke8 40. Nd4 Kd7 41. Kf3 Bc5 42. Nc2 h5 43. g4 hxg4+ 44. hxg4 Ke7 45. Kg3 Kf7 46. Kh4 Be7+ 47. Kg3 Bc5 48. Kf3 Ke7 49. gxf5 gxf5 50. Na1 Kd7 51. Nb3 Kc7 52. Nd4 Kd7 53. Kg3 Ke7 54. Nc6+ Kd7 55. Kf3 Ba3 1/2-1/2

[Event "Belgrade Trophy 32nd"]
[Site "Belgrade"]
[Date "2018.11.27"]
[Round "4"]
[White "Kadric, Denis"]
[Black "Jovanovic, Dejan R"]
[Result "1-0"]
[WhiteElo "2554"]
[BlackElo "2065"]
[PlyCount "135"]
[EventDate "2018.11.24"]
[EventType "swiss"]
[EventRounds "9"]
[EventCountry "SRB"]
[SourceTitle "CBM 187 Extra"]
[Source "ChessBase"]
[SourceDate "2018.11.04"]
[SourceVersion "1"]
[SourceVersionDate "2018.11.04"]
[SourceQuality "1"]

1. e4 e5 2. Nf3 Nc6 3. Nc3 Nf6 4. Bb5 d6 5. d4 exd4 6. Nxd4 Bd7 7. Bxc6 bxc6 8. Qf3 c5 9. Nf5 Bxf5 10. exf5 Rb8 11. b3 Be7 12. Bb2 0-0 13. 0-0-0 c4 14. g4 cxb3 15. axb3 Nd7 16. Nd5 Bg5+ 17. Kb1 c6 18. h4 Bf6 19. Nxf6+ Nxf6 20. Qxc6 Rb6 21. Qf3 Qa8 22. Qxa8 Rxa8 23. Rd4 a5 24. Rhd1 a4 25. g5 Ne8 26. Rxa4 Rxa4 27. bxa4 f6 28. Rd3 Ra6 29. Rd4 Ra5 30. Rf4 Kf7 31. Bc3 Ra6 32. Rb4 Kf8 33. Kb2 fxg5 34. hxg5 h6 35. gxh6 gxh6 36. Kb3 Ra5 37. Rb5 Ra7 38. a5 h5 39. f6 Kf7 40. Rxh5 Kg6 41. Rh3 d5 42. Re3 Rb7+ 43. Ka4 Nd6 44. Re7 Rb1 45. Rg7+ Kf5 46. f7 Nxf7 47. Rxf7+ Ke6 48. Rf6+ Ke7 49. Rb6 Rc1 50. Rb2 Ra1+ 51. Kb5 Kd6 52. Bd4 Kd7 53. a6 Kd6 54. a7 Kd7 55. Rb4 Rxa7 56. Bxa7 Kd6 57. Bd4 Ke6 58. Kc6 Kf5 59. Kxd5 Kf4 60. Rb8 Kf3 61. Re8 Kf4 62. c4 Kf3 63. c5 Kf4 64. c6 Kf3 65. c7 Kf4 66. c8Q Kf3 67. Qh3+ Kf4 68. Be3# 1-0

[Event "Belgrade Trophy 32nd"]
[Site "Belgrade"]
[Date "2018.11.25"]
[Round "2"]
[White "Chelushkina, Irina"]
[Black "Jovanovic, Dejan R"]
[Result "1/2-1/2"]
[WhiteElo "2286"]
[BlackElo "2065"]
[PlyCount "70"]
[EventDate "2018.11.24"]
[EventType "swiss"]
[EventRounds "9"]
[EventCountry "SRB"]
[SourceTitle "CBM 187 Extra"]
[Source "ChessBase"]
[SourceDate "2018.11.04"]
[SourceVersion "1"]
[SourceVersionDate "2018.11.04"]
[SourceQuality "1"]

1. g3 d5 2. Nf3 Nf6 3. Bg2 c6 4. 0-0 Bf5 5. c4 e6 6. d4 h6 7. cxd5 exd5 8. Nh4 Bh7 9. Qb3 Qb6 10. Qe3+ Be7 11. Bh3 Qc7 12. Nf5 Bxf5 13. Bxf5 0-0 14. Nc3 Re8 15. Qf3 Nbd7 16. Rb1 Nb6 17. Bd3 Qd7 18. b4 a6 19. a4 Nc8 20. Bf5 Qd8 21. b5 axb5 22. axb5 Nd6 23. bxc6 bxc6 24. Bd3 Bf8 25. Bc2 Nde4 26. Na4 Rb8 27. Bf4 Bd6 28. Rxb8 Qxb8 29. Rb1 Qc7 30. Bxd6 Qxd6 31. Qf4 Qxf4 32. gxf4 g6 33. e3 Rc8 34. Rb7 c5 35. Rb6 Rd8 1/2-1/2

[Event "Belgrade-ch sf"]
[Site "Belgrade"]
[Date "2017.01.29"]
[Round "7"]
[White "Jovanovic, Dejan R"]
[Black "Krstic, Milos M"]
[Result "1/2-1/2"]
[WhiteElo "2059"]
[BlackElo "2044"]
[PlyCount "88"]
[EventDate "2017.01.23"]
[EventType "swiss"]
[EventRounds "7"]
[EventCountry "SRB"]
[SourceTitle "CBM 176 Extra"]
[Source "ChessBase"]
[SourceDate "2017.03.02"]
[SourceVersion "1"]
[SourceVersionDate "2017.03.02"]
[SourceQuality "1"]

1. d4 Nf6 2. Nf3 e6 3. Bf4 c5 4. e3 b6 5. h3 Be7 6. Be2 Ba6 7. 0-0 Bxe2 8. Qxe2 0-0 9. Nbd2 Nc6 10. dxc5 Bxc5 11. Rfd1 Qc8 12. c3 Be7 13. Nb3 Rd8 14. Rd3 d5 15. Bg5 Ne4 16. Bxe7 Nxe7 17. Nfd2 Nf6 18. e4 Ng6 19. Rf3 Qc7 20. exd5 Rxd5 21. c4 Rd6 22. Rc3 Rc6 23. Nd4 Rc5 24. N2f3 e5 25. Nb5 Qe7 26. Re3 e4 27. Ne1 Nf4 28. Qf1 Rd8 29. g3 Ng6 30. Nc3 Qe6 31. b3 Rh5 32. h4 Re5 33. Qe2 Qh3 34. Qf1 Qg4 35. Qe2 Qf5 36. Rd1 Rde8 37. Nb5 Qh3 38. Qf1 Qg4 39. Ng2 a6 40. Nc7 Rf8 41. Nxa6 Qh3 42. Ne1 Qg4 43. Ng2 Qh3 44. Ne1 Qg4 1/2-1/2

[Event "Belgrade Trophy 30th"]
[Site "Belgrade"]
[Date "2016.11.27"]
[Round "4"]
[White "Chelushkina, Irina"]
[Black "Jovanovic, Dejan R"]
[Result "1-0"]
[WhiteElo "2237"]
[BlackElo "2072"]
[PlyCount "49"]
[EventDate "2016.11.24"]
[EventType "swiss"]
[EventRounds "9"]
[EventCountry "SRB"]
[SourceTitle "CBM 175 Extra"]
[Source "ChessBase"]
[SourceDate "2016.12.12"]
[SourceVersion "1"]
[SourceVersionDate "2016.12.12"]
[SourceQuality "1"]

1. e4 e6 2. Qe2 d5 3. exd5 Qxd5 4. Nc3 Qd8 5. Nf3 Nf6 6. d3 Be7 7. g4 Nc6 8. h3 h6 9. Bg2 a6 10. a3 Rb8 11. Be3 b6 12. d4 Nd5 13. Nxd5 Qxd5 14. c4 Qa5+ 15. Bd2 Bb4 16. Bxb4 Nxb4 17. 0-0 Nc6 18. d5 Nd8 19. Qe5 b5 20. Qxg7 Rf8 21. b4 Qb6 22. c5 Qb7 23. Rfe1 Qxd5 24. Rab1 c6 25. Ne5 1-0

[Event "Belgrade-ch"]
[Site "Belgrade"]
[Date "2016.01.31"]
[Round "9"]
[White "Skare, Goran"]
[Black "Jovanovic, Dejan R"]
[Result "1-0"]
[WhiteElo "2283"]
[BlackElo "2076"]
[PlyCount "65"]
[EventDate "2016.01.23"]
[EventType "swiss"]
[EventRounds "9"]
[EventCountry "SRB"]
[SourceTitle "EXT 2017"]
[Source "ChessBase"]
[SourceDate "2016.10.25"]
[SourceVersion "1"]
[SourceVersionDate "2016.10.25"]
[SourceQuality "1"]

1. d4 d5 2. c4 c6 3. Nf3 Nf6 4. e3 e6 5. Nc3 Be7 6. Qc2 Nbd7 7. Bd3 h6 8. 0-0 0-0 9. a3 b6 10. b4 dxc4 11. Bxc4 Bb7 12. e4 Re8 13. Bf4 Rc8 14. h3 c5 15. dxc5 bxc5 16. b5 Nh5 17. Bh2 Bf6 18. Rfe1 Bd4 19. Rad1 e5 20. Nd5 Nhf6 21. Qa2 Nxd5 22. exd5 Nb6 23. Nxd4 cxd4 24. Bb3 Qg5 25. Bg3 f6 26. d6+ Kh8 27. Be6 Rcd8 28. h4 Qg6 29. Bf7 Qf5 30. Bxe8 Rxe8 31. Qf7 Rd8 32. Qc7 Rd7 33. Qc5 1-0